Festival de festivals : espectacles de teatre, música i dansa : programa guia estiu 2002 espectacles de teatre, música i dansa :
Descripción Física:
18 p. : il. ; 28 cm
MARC
| LEADER | 00000nam a2200000Ia 4500 | ||
|---|---|---|---|
| 001 | 15046 | ||
| 008 | 160829s2002 xx 000 0 cat d | ||
| 080 | |a FU-33-50 | ||
| 245 | |a Festival de festivals : |b espectacles de teatre, música i dansa : |b programa guia estiu 2002 | ||
| 260 | |a [Barcelona] : |b Diputació de Barcelona, |c 2002 | ||
| 300 | |a 18 p. : |b il. ; |c 28 cm | ||
| 650 | |a Festivals de teatre |x Barcelona (Província) |9 31530 | ||
| 650 | |a Festivals de música |x Barcelona (Província) |9 31531 | ||
| 650 | |a Festivals de dansa |x Barcelona (Província) |9 31532 | ||
| 710 | 1 | |a Barcelona (Catalunya : Província). |b Diputació |9 52408 | |
| 901 | |a Arxiu | ||
| 942 | |n 1 | ||
| 952 | |0 0 |1 0 |4 0 |6 FU3350 |7 1 |9 45656 |a Arxiu |b Arxiu |d 2016-12-01 |l 0 |o FU-33-50 |p 15046 |r 2016-12-01 00:00:00 |w 2016-12-01 |y ARXIU | ||
| 999 | |c 49156 |d 49156 | ||